| 000 | 00377nam a2200145 a 4500 | ||
|---|---|---|---|
| 001 | 1771297336532 | ||
| 003 | YourLibrary | ||
| 005 | 20260217083534.0 | ||
| 008 | 260217s2026##################000#0#eng## | ||
| 020 | _a9788131511992 | ||
| 082 | 0 | 4 |
_a333.70577 _bDAV |
| 245 | 1 | 0 | _aError - Book not found in Google Books : |
| 942 | _cENGLISH | ||
| 040 |
_aYourLibrary _beng _cYourLibrary |
||
| 999 |
_c612765 _d612765 |
||